La tragedia de mi vida

Na minha lista:
Detalhes bibliográficos
Autor principal: Wilde, Oscar
Formato: Livro
Idioma:Undetermined
Publicado em: Buenos Aires, Argentina Tor 1944
Assuntos:
Tags: Adicionar Tag
Sem tags, seja o primeiro a adicionar uma tag!

MARC

LEADER 00000nam a2200000Ia 4500
008 170316s9999 xx 000 0 und d
040 |a cru BVZT 
090 |a 820 W-8t 
100 |a Wilde, Oscar 
245 |a La tragedia de mi vida 
260 |a Buenos Aires, Argentina 
260 |b Tor 
260 |c 1944 
300 |a 190 páginas 
650 |a LITERATURA INGLESA 
999 |c 7276  |d 7276 
942 |c 15 D  |h 820 W-8t  |2 z